A MAGYARMET Finomöntöde Kft. tevékenysége és stratégiája a KKV szektorban

Bibliographic Details
Main Author: Jónás Orsolya Viola
Other Authors: Király Dr. Éva
Format: Thesis
Kulcsszavak:Tevékenység elemzés
Magyar középvállalkozás
Stratégia
Online Access:http://dolgozattar.uni-bge.hu/23176

MARC

LEADER 00000nta a2200000 i 4500
001 dolg23176
005 20191121133648.0
008 191121suuuu hu om 000 hun d
040 |a BGE Dolgozattár Repozitórium  |b hun 
041 |a hu 
100 1 |a Jónás Orsolya Viola 
245 1 2 |a A MAGYARMET Finomöntöde Kft. tevékenysége és stratégiája a KKV szektorban  |c Jónás Orsolya Viola  |h [elektronikus dokumentum] 
695 |a Tevékenység elemzés 
695 |a Magyar középvállalkozás 
695 |a Stratégia 
700 1 |a Király Dr. Éva  |e ths 
856 4 0 |u http://dolgozattar.uni-bge.hu/23176/1/Szakdolgozat_lapokkal1120.pdf  |z Dokumentum-elérés 
856 4 0 |u http://dolgozattar.uni-bge.hu/23176/7/J%C3%B3n%C3%A1s%20Orsolya%20Viola_JJWR00_KM_titkos%C3%ADt%C3%A1s.pdf  |z Dokumentum-elérés